000 00491nam a22001697a 4500
005 20180412115324.0
008 160613b xxu||||| |||| 00| 0 eng d
020 _a81-7346-031-0
041 _aeng
082 _b7261
_a346.0666
100 _aChaturvedi, Dr. R.G.
_94270
245 _aLaw and Practice of Sewritiection & Reconstruction of Financial assets and enter cement of securities intrest
260 _bBharat Law
_c2010
300 _a1447
650 _aManagement
_9241
942 _cBK
999 _c2528
_d2527